000
00290nam a2200121Ia 4500
008
220120s9999||||xx |||||||||||||| ||und||
020
_a
8128002384
082
_a
540 RAB
100
_a
Rabindra
_9
11578
245
0
_a
Engineering chemistry
260
_b
Bangalore
_c
2000
300
_a
515p.
_b
250
999
_c
136623
_d
136623